[Event "Champions Challenge 219th"]
[Site "Playchess.com INT"]
[Date "2007.10.06"]
[Round "1.1"]
[White "Savickas, Airidas"]
[Black "Kanakaris, Georgios"]
[Result "1-0"]
[WhiteElo "2270"]
[BlackElo "2236"]
[PlyCount "57"]
[EventDate "2007.10.06"]
[EventType "k.o. (blitz)"]
[EventRounds "4"]
[EventCountry "GER"]
[SourceTitle "EXT 2010"]
[Source "ChessBase"]
[SourceDate "2010.11.25"]
[SourceVersion "1"]
[SourceVersionDate "2010.11.25"]
[SourceQuality "1"]

1. e4 e6 2. d4 d5 3. Nd2 Nf6 4. e5 Nfd7 5. f4 c5 6. c3 Nc6 7. Ndf3 cxd4 8. cxd4 Qb6 9. h4 Bb4+ 10. Kf2 f6 11. Be3 0-0 12. Ne2 fxe5 13. fxe5 Be7 14. Qd2 Na5 15. Nf4 Bb4 16. Qc2 Be7 17. Kg3 Rf7 18. Bd3 Nf8 19. Raf1 Bd7 20. Ng5 Bxg5 21. hxg5 g6 22. Nxg6 hxg6 23. Bxg6 Rg7 24. Rh6 Nc4 25. Rfh1 Nxg6 26. Rxg6 Nxe3 27. Rxg7+ Kxg7 28. Rh7+ Kg8 29. Qg6+ 1-0

[Event "Champions Challenge 219th"]
[Site "Playchess.com INT"]
[Date "2007.10.06"]
[Round "1.3"]
[White "Savickas, Airidas"]
[Black "Kanakaris, Georgios"]
[Result "1/2-1/2"]
[WhiteElo "2270"]
[BlackElo "2236"]
[PlyCount "64"]
[EventDate "2007.10.06"]
[EventType "k.o. (blitz)"]
[EventRounds "4"]
[EventCountry "GER"]
[SourceTitle "EXT 2010"]
[Source "ChessBase"]
[SourceDate "2010.11.25"]
[SourceVersion "1"]
[SourceVersionDate "2010.11.25"]
[SourceQuality "1"]

1. e4 c5 2. Nf3 d6 3. d4 cxd4 4. Nxd4 Nf6 5. Nc3 a6 6. a4 e5 7. Nf3 Be7 8. Bg5 0-0 9. Bc4 Be6 10. Bb3 Nbd7 11. 0-0 Bxb3 12. cxb3 h6 13. Bxf6 Nxf6 14. Qd3 Qb6 15. Nd5 Nxd5 16. Qxd5 Rac8 17. Rac1 Rc6 18. Rc4 Rfc8 19. Rfc1 Bg5 20. R1c3 Rxc4 21. Rxc4 Rxc4 22. Qxc4 Bf6 23. g3 Bd8 24. b4 Kf8 25. Kg2 Ke7 26. h4 Qc7 27. Nd2 Qc6 28. b3 Bb6 29. Kf3 Qd7 30. Kg2 Qc6 31. Kf1 Qd7 32. Kg2 Qc6 1/2-1/2

[Event "Panevezys op 20th"]
[Site "Panevezys"]
[Date "2007.08.24"]
[Round "9"]
[White "Savickas, Airidas"]
[Black "Pileckis, Emilis"]
[Result "1-0"]
[WhiteElo "2363"]
[BlackElo "2326"]
[PlyCount "99"]
[EventDate "2007.08.18"]
[EventType "swiss"]
[EventRounds "9"]
[EventCountry "LTU"]
[SourceTitle "CBM 119 Extra"]
[Source "ChessBase"]
[SourceDate "2007.09.04"]
[SourceVersion "1"]
[SourceVersionDate "2007.09.04"]
[SourceQuality "1"]

1. e4 c5 2. Nf3 Nc6 3. d4 cxd4 4. Nxd4 Nf6 5. Nc3 e6 6. a3 Be7 7. Be2 d5 8. exd5 Nxd5 9. Nxd5 Qxd5 10. Bf3 Qe5+ 11. Be3 Bd7 12. Nxc6 Bxc6 13. Bxc6+ bxc6 14. Qd4 Qf5 15. Qa4 0-0 16. 0-0 Qe5 17. c3 Qc7 18. Rad1 a5 19. Rd2 Qb7 20. Rfd1 Bf6 21. h3 Rfb8 22. Bf4 Rc8 23. Qc2 Qb5 24. Rd7 h6 25. R1d2 Qc4 26. Be3 Rd8 27. b3 Qb5 28. a4 Qe5 29. Rxd8+ Rxd8 30. Rxd8+ Bxd8 31. Qd3 Bf6 32. Qd4 Qf5 33. Qc4 Be5 34. g3 Qf3 35. Qd3 h5 36. b4 c5 37. bxa5 c4 38. Qxc4 Bxg3 39. a6 Be5 40. a7 Kh7 41. Kf1 Qa8 42. Ke2 f5 43. Qxe6 Qe4 44. a8Q Qxa8 45. Qxf5+ Kg8 46. Qe6+ Kh7 47. Qxe5 Qxa4 48. Qxh5+ Kg8 49. Qd5+ Kh7 50. Qd3+ 1-0